Сибирский сборник - 2 (Запись № 1567124)

Подробности
000 -МАРКЕР
контрольное поле 01982nam0a2200373 4500
001 - ИДЕНТИФИКАТОР ЗАПИСИ
контрольное поле RU\NLR\bibl\1768328
005 - ИДЕНТИФИКАТОР ВЕРСИИ
контрольное поле 20260407080819.0
010 ## - МЕЖДУНАРОДНЫЙ СТАНДАРТНЫЙ НОМЕР КНИГИ (ISBN)
Номер (ISBN) 978-5-88431-195-4
Тираж 300
021 ## - НОМЕР ГОСУДАРСТВЕННОЙ РЕГИСТРАЦИИ
Код страны Российская Федерация
Номер 2011-28673
Номер Листа государственной регистраци 2038
035 ## - ДРУГИЕ СИСТЕМНЫЕ НОМЕРА
Идентификатор записи (NLR Aleph) 001759117
100 ## - ДАННЫЕ ОБЩЕЙ ОБРАБОТКИ
Данные общей обработки 20110219d2010 |||y0rusy50 ca
101 0# - ЯЗЫК РЕСУРСА
Язык текста, звукозаписи и т.д. русский
102 ## - СТРАНА ПУБЛИКАЦИИ ИЛИ ПРОИЗВОДСТВА
Страна публикации Российская Федерация
105 ## - ПОЛЕ КОДИРОВАННЫХ ДАННЫХ: ТЕКСТОВЫЕ МАТЕРИАЛЫ, МОНОГРАФИЧЕСКИЕ
Кодированные данные о монографическом текстовом документе ac |||||||||
200 1# - ЗАГЛАВИЕ И СВЕДЕНИЯ ОБ ОТВЕТСТВЕННОСТИ
Основное заглавие Сибирский сборник - 2
Сведения, относящиеся к заглавию к юбилею Евгении Алексеевны Алексеенко
Первые сведения об ответственности Рос. акад. наук, Музей антропологии и этнографии им. Петра Великого (Кунсткамера)
Последующие сведения об ответственности [отв. ред.: Е. Г. Федорова]
210 ## - ПУБЛИКАЦИЯ, РАСПРОСТРАНЕНИЕ И ДР.
Место издания, распространения и т.д. Санкт-Петербург
Имя издателя, распространителя и т. д. МАЭ РАН
Дата издания, распространения и т.д. 2010
215 ## - ФИЗИЧЕСКАЯ ХАРАКТЕРИСТИКА
Специфическое обозначение материала и объем 320, [2] с., [1] л. портр.
Другие сведения о физической характеристике ил.
Размеры 21
320 ## - ПРИМЕЧАНИЯ О НАЛИЧИИ В ДОКУМЕНТЕ БИБЛИОГРАФИИ / УКАЗАТЕЛЯ
Текст примечания Список осн. печат. работ к. ист. н. Е. А. Алексеенко: с. 53-65
320 ## - ПРИМЕЧАНИЯ О НАЛИЧИИ В ДОКУМЕНТЕ БИБЛИОГРАФИИ / УКАЗАТЕЛЯ
Текст примечания Библиогр. в конце ст.
600 #1 - ИМЯ ЛИЦА КАК ПРЕДМЕТ
Начальный элемент ввода Алексеенко
Часть имени, кроме начального элемента ввода Е. А.
Даты 1930
Расширение инициалов личного имени Евгения Алексеевна
Системный номер авторитетной/нормативной записи 2090299
Идентификатор авторитетной/нормативной записи RU\NLR\auth\661568837
606 1# - НАИМЕНОВАНИЕ ТЕМЫ КАК ПРЕДМЕТ
Наименование темы Народы Сибири
Формальный подзаголовок Сборники
Тематический подзаголовок Этнографические исследования
Системный номер авторитетной/нормативной записи 1702330
Идентификатор авторитетной/нормативной записи RU\NLR\auth\66757933
686 ## - ИНДЕКСЫ ДРУГИХ КЛАССИФИКАЦИЙ
Индекс Т1(2)7-8я43
686 ## - ИНДЕКСЫ ДРУГИХ КЛАССИФИКАЦИЙ
Индекс Т5г(2)7д.я43
686 ## - ИНДЕКСЫ ДРУГИХ КЛАССИФИКАЦИЙ
Индекс Т52(251)я43
702 #1 - ИМЯ ЛИЦА - ВТОРИЧНАЯ ОТВЕТСТВЕННОСТЬ
Код отношения Редактор
Материалы, к которым относится поле rus
Графика поля Кириллица
Начальный элемент ввода Федорова
Часть имени, кроме начального элемента ввода Е. Г.
Дополнения к именам, кроме дат канд. ист. наук
Расширение инициалов личного имени Елена Геннадьевна
Идентификатор авторитетной/нормативной записи RU\NLR\AUTH\7747112
Системный номер авторитетной/нормативной записи 30047
702 #1 - ИМЯ ЛИЦА - ВТОРИЧНАЯ ОТВЕТСТВЕННОСТЬ
Код отношения Прочие
Графика поля Кириллица
Материалы, к которым относится поле rus
Начальный элемент ввода Алексеенко
Часть имени, кроме начального элемента ввода Е. А.
Дополнения к именам, кроме дат этнограф
Даты 1930-2017
Расширение инициалов личного имени Евгения Алексеевна
Системный номер авторитетной/нормативной записи 187638
Идентификатор авторитетной/нормативной записи RU\NLR\AUTH\770187689
712 02 - НАИМЕНОВАНИЕ ОРГАНИЗАЦИИ - ВТОРИЧНАЯ ОТВЕТСТВЕННОСТЬ
Код отношения Прочие
Начальный элемент ввода Музей антропологии и этнографии им. Петра Великого
Идентифицирующий признак Санкт-Петербург
Идентификатор авторитетной/нормативной записи RU\NLR\AUTH\886338
Системный номер авторитетной/нормативной записи 284480
801 #0 - ИСТОЧНИК ЗАПИСИ
Страна Российская Федерация
Организация NLR
Дата составления 20110219
Правила каталогизации RCR
801 #1 - ИСТОЧНИК ЗАПИСИ
Страна Российская Федерация
Организация NLR
Дата составления 20110219
942 ## - ДОПОЛНИТЕЛЬНЫЕ ЭЛЕМЕНТЫ ЗАПИСИ (АБИС)
Тип экземпляра АБИС Книга
980 ## - КОЛЛЕКЦИЯ
Название коллекции Национальная библиография
Экземпляры
Тип экземпляра Дата поступления Источник поступления Библиотека постоянного хранения Библиотека текущего хранения Место хранения Шифр хранения Штрих-код Статус экземпляра Стоимость
Книга 12.05.2011 Обязательный экземпляр РНБ (Московский) РНБ (Московский) Русский книжный фонд: издания с 1957 года 2011-3/15571 1-2124919    
Книга 12.05.2011 Обязательный экземпляр РНБ (Московский) РНБ (Московский) Русский книжный фонд: издания с 1957 года 2011-3/15571 3415670    
Книга 31.03.2015 Покупка РНБ (Садовая) РНБ (Садовая) Фонд международного книгообмена   1-858960 Доставлен в Фoнд 290.00
Книга 30.07.2019 Покупка РНБ (Садовая) РНБ (Садовая) Фонд международного книгообмена   1-2786922 Доставлен в Фoнд 290.00